JAKI MOŻE BYĆ URZĄD? - Statystyki

Ogólne statystyki
  • Ten quiz został rozwiązany 36 razy
  • Średni wynik to 2 z 6
Statystyki odpowiedzi
Odpowiedź % Poprawnych
SKARBOWY
84%
PRACY
47%
WOJEWÓDZKI
44%
POWIATOWY
31%
STANU CYWILNEGO
25%
STATYSTYCZNY
13%
Nie znaleziono quizów pasujących do podanych kryteriów
Rozkład punktacji
Procent ludzi z każdym wynikiem
Percentyl według liczby udzielonych odpowiedzi
Twoja historia wyników
Nie rozwiązałeś tego quizu